000 00640nam a2200205Ii 4500
001 3070
003 CO-ViMGA
008 241108s9999||||xx |||||||||||||| ||und||
020 _a968861002X
040 _aCO-ViMGA
_bspa
_erda
_cCO-ViMGA
041 0 _aunk
082 0 4 _aR 531.64 E524
245 1 0 _aEnciclopedia de energía, tecnología; consultada y editor Douglas M. Considine
264 1 _a[Lugar de publicación no identificado] : Marcombo, 1986
300 _avolumen
336 _atext
_btxt
_2rdacontent
337 _aunmediated
_bn
_2rdamedia
338 _avolume
_bnc
_2rdacarrier
940 _aidficha_siabuc: 3000. -- ficha_no_siabuc:3070
999 _c56303
_d56303